Who's Who in the New Testament (Record no. 9369)

MARC details
000 -LEADER
fixed length control field 00442nam a2200169 a 4500
001 - CONTROL NUMBER
control field 0000-9369
003 - CONTROL NUMBER IDENTIFIER
control field ELIB.Books
008 - FIXED-LENGTH DATA ELEMENTS--GENERAL INFORMATION
fixed length control field 110520 1993
035 ## - SYSTEM CONTROL NUMBER
System control number (ELIB.Books)0000-9521
082 ## - DEWEY DECIMAL CLASSIFICATION NUMBER
Classification number 225.92
Item number Bro
100 ## - MAIN ENTRY--PERSONAL NAME
Personal name Brownrigg, Ronald
245 ## - TITLE STATEMENT
Title Who's Who in the New Testament
260 ## - PUBLICATION, DISTRIBUTION, ETC. (IMPRINT)
Name of publisher, distributor, etc. New York: Oxford University Press
Date of publication, distribution, etc. 1993
650 ## - SUBJECT ADDED ENTRY--TOPICAL TERM
Topical term or geographic name as entry element New Testament
942 ## - ADDED ENTRY ELEMENTS (KOHA)
Source of classification or shelving scheme Dewey Decimal Classification
Koha item type Books
998 ## - LOCAL CONTROL INFORMATION (RLIN)
Cataloger's initials, CIN (RLIN) bat
-- 2011-05-20
Holdings
Withdrawn status Lost status Source of classification or shelving scheme Damaged status Not for loan Home library Current library Date acquired Total Checkouts Barcode Date last seen Bill Date Koha item type
    Dewey Decimal Classification     Karen Baptist Theological Seminary Library Karen Baptist Theological Seminary Library 20/05/2011   8860 22/01/2022 22/01/2022 Books
Implemented & Customized by: BestBookBuddies

Powered by Koha